Представление документа в формате RUSMARC

ПолеНазваниеЗначение
  Тип записи a
  Библиографический уровень m
001 Контрольный номер RU/IS/BASE/531393645
005 Дата корректировки 20240209174658.1
010 Индекс ISBN __
b Уточнения в пер.
d Цена 5 р. 00 к.
9 Тираж экз.
100 Данные общей обработки __
a Данные общей обработки 20161102d2016 ||| 0rusy0189 ca
101 Язык документа 0_
a Язык текста rus
102 Страна публикации __
a Страна публикации RU
105 Кодированные данные (монография) __
a Кодированные данные (монография) y###||||000|y
200 Заглавие и сведения об ответственности 1_
a Заглавие Достоевский : Христос - страсть жизни
b Общее обозначение материала Текст
f Первые сведения об ответственности Д. Барсотти
210 Выходные данные 1_
a Место издания Москва
c Издательство Паолине
d Дата издания 1999
215 Физическое описание __
a Объем 250 с.
d Формат см.
300 Общие примечания __
a Общие примечания Ограничения по возрасту - 16+
300 Общие примечания __
a Общие примечания Под инв. номером 92231 : Ц-1
600 Персоналии _0
a Персоналии (Фамилия) Достоевский
b Персоналии (Имя, инициалы) Ф. М.
606 Тематические рубрики 0_
a Основная рубрика Достоевский, Федор Михайлович (1821-1881)
610 Ключевые слова 0_
a Ключевые слова анализ творчества
a Ключевые слова святость русская
a Ключевые слова культура русская
a Ключевые слова вера
a Ключевые слова безверие
a Ключевые слова любовь
a Ключевые слова смерть
a Ключевые слова пороки
686 Индексы других классификаций __
a Классификационный индекс 83.3(2Рос=Рус)1
2 Код системы ББК
700 Автор _0
a Фамилия Барсотти
b Имя (инициалы) Диво
g Полное личное имя Д.
801 Источник записи _0
a Страна RU
b Организация МБУК ЦБС
c Дата составления 20161102
g Правила каталогизации RCR
801 Источник записи _1
a Страна RU
b Организация МБУК ЦБС г. Ульяновска
c Дата составления 20161102
g Правила каталогизации RCR
899 Данные о местонахождении __
i Авторский знак Б 26
j Расстановочный фильтр 83.3(2Рос=Рус)1
901 Тип документа __
t Тип документа m
910 Корректоры записи __
a Корректор записи Тургенева